|
|
|
|
| LEADER |
01116nam a2200253 a 4500 |
| 001 |
2789253 |
| 008 |
0907021981 nyu b 001 0 eng d |
| 010 |
|
|
|a \\\81048517
|
| 020 |
|
|
|a 0195203844 :
|c $17.95
|
| 040 |
|
|
|a DLC
|c DLC
|d DLC
|
| 082 |
0 |
0 |
|a 820/.9/145
|2 19
|
| 100 |
1 |
|
|a Butler, Marilyn.
|
| 245 |
1 |
0 |
|a Romantics, rebels, and reactionaries :
|b English literature and its background, 1760-1830 /
|c Marilyn Butler.
|
| 260 |
|
|
|a New York :
|b Oxford University Press,
|c 1982, c1981.
|
| 300 |
|
|
|a 213 p. ;
|c 22 cm.
|
| 504 |
|
|
|a Includes bibliographical references (p. [198]-204) and index.
|
| 541 |
1 |
|
|e 00009392
|
| 650 |
|
0 |
|a English literature
|y 18th century
|x History and criticism.
|
| 650 |
|
0 |
|a English literature
|y 19th century
|x History and criticism.
|
| 650 |
|
0 |
|a Romanticism
|z Great Britain.
|
| 650 |
|
0 |
|a Dissenters in literature.
|
| 852 |
4 |
|
|a Ayesha Abed Library
|j General shelf
|
| 999 |
|
|
|c 1974
|d 1974
|
| 952 |
|
|
|0 0
|1 0
|2 ddc
|4 0
|6 820_914500000000000_BUT
|7 0
|9 1811
|a BRACUL
|b BRACUL
|c GEN
|d 2009-07-02
|g 0.00
|l 4
|m 50
|o 820.9145 BUT
|p 3010009392
|r 2025-12-27
|s 2025-10-08
|t 1
|w 2009-07-02
|y BK
|x No price found in the accession register.
|